| 000 | 01015cam a22002894a 4500 | ||
|---|---|---|---|
| 001 | SSB000335 | ||
| 003 | PILC | ||
| 005 | 20150805153139.0 | ||
| 008 | 110324s2012 caua b 001 0 eng | ||
| 010 | _a2011012695 | ||
| 020 | _a9781412961561 | ||
| 035 | _a(OCoLC)ocn681498354 | ||
| 040 |
_aDLC _cDLC _dYDX _dBTCTA _dYDXCP _dBWX _dCDX _dDLC |
||
| 042 | _apcc | ||
| 050 | 0 | 0 |
_aHF 5549.5.D37 _b.H88 2012 |
| 245 | 0 | 0 |
_aHuman resource information systems : _bbasics, applications, and future directions / _ceditors, Michael J. Kavanagh, Mohan Thite and Richard D. Johnson. |
| 250 | _a2nd ed. | ||
| 260 |
_aThousand Oaks, Calif. : _bSAGE, _c2012. |
||
| 300 |
_axxiii, 623 pages : _billustrations ; _c24 cm. |
||
| 500 | _aIncludes bibliographical references and indexes. | ||
| 650 | 0 |
_aPersonnel management _xInformation technology. |
|
| 650 | 0 |
_aPersonnel management _xData processing. |
|
| 700 | 1 | _aKavanagh, Michael J. | |
| 700 | 1 | _aThite, Mohan. | |
| 700 | 1 | _aJohnson, Richard David. | |
| 942 |
_2lcc _cBK _kFOR |
||
| 999 |
_c288344 _d288344 |
||